[Event "FIDE Olympiad Disabilties 2020"]
[Site "Online"]
[Date "2020.11.21"]
[Round "5.24"]
[White "Juarih, Norazlin"]
[Black "Harmand, Yann"]
[Result "1-0"]
[WhiteElo "1480"]
[BlackElo "1468"]
[Annotator "NA RC"]
[PlyCount "97"]
[EventDate "2020.11.21"]
[EventType "team-tourn"]
[EventCountry "NET"]
[SourceTitle "playchess.com"]
[Source "ChessBase"]
[SourceQuality "1"]
[WhiteTeam "Malaysia"]
[BlackTeam "France"]
[WhiteTeamCountry "MAS"]
[BlackTeamCountry "FRA"]

1. b3 d5 2. Bb2 e6 3. e3 f5 4. Nf3 Nf6 5. c4 c6 6. Nc3 Bd6 7. cxd5 exd5 8. g3 Be6 9. Bg2 O-O 10. O-O Nbd7 11. Ng5 Bf7 12. Ne2 Ne4 13. Nxf7 Rxf7 14. d3 Nef6 15. Nd4 Qe7 16. Nxf5 Qf8 17. Nxd6 Qxd6 18. Rc1 Raf8 19. Qc2 Qe6 20. h3 Ne5 21. f4 Ned7 22. e4 Nb6 23. f5 Qd7 24. e5 Qe7 25. e6 Kh8 26. Rce1 Nc8 27. exf7 Qxf7 28. Bxf6 Qxf6 29. Qe2 h6 30. Qe6 Qd4+ 31. Qe3 Qf6 32. d4 Kh7 33. Qe5 Qf7 34. g4 Rd8 35. Qe6 Qf8 36. f6 g6 37. h4 a6 38. g5 h5 39. Bh3 Kh8 40. Qe5 Kh7 41. Bxc8 Rxc8 42. Qe7+ Kg8 43. f7+ Kg7 44. Qf6+ Kh7 45. Re8 Rxe8 46. fxe8=Q Qxe8 47. Qf7+ Qxf7 48. Rxf7+ Kg8 49. Rxb7 1-0

[Event "FIDE Olympiad Disabilties 2020"]
[Site "Online"]
[Date "2020.11.21"]
[Round "5.24"]
[White "Muming, Ardian Syah"]
[Black "Afraoui, Solenn"]
[Result "0-1"]
[WhiteElo "1431"]
[BlackElo "1889"]
[Annotator "NA RC"]
[PlyCount "128"]
[EventDate "2020.11.21"]
[EventType "team-tourn"]
[EventCountry "NET"]
[SourceTitle "playchess.com"]
[Source "ChessBase"]
[SourceQuality "1"]
[WhiteTeam "Malaysia"]
[BlackTeam "France"]
[WhiteTeamCountry "MAS"]
[BlackTeamCountry "FRA"]

1. d4 Nf6 2. c4 e6 3. Nf3 Bb4+ 4. Bd2 a5 5. a3 Be7 6. Nc3 d5 7. g3 O-O 8. Bg2 b6 9. O-O Ba6 10. Ne5 c6 11. b3 dxc4 12. bxc4 Qxd4 13. Nxc6 Nxc6 14. Bxc6 Rac8 15. Bb5 Bb7 16. e3 Qg4 17. Qxg4 Nxg4 18. Na4 Ne5 19. Rfd1 Nf3+ 20. Kf1 Nxh2+ 21. Ke1 Nf3+ 22. Kf1 Bf6 23. Rac1 Rfd8 24. Bc3 Bxc3 25. Nxc3 Nd2+ 26. Kg1 Nf3+ 27. Kf1 Nd2+ 28. Ke1 Nb3 29. Rxd8+ Rxd8 30. Rd1 Rxd1+ 31. Kxd1 Nc5 32. Ke2 Kf8 33. f3 Ke7 34. e4 Kd6 35. Ke3 Bc6 36. e5+ Kc7 37. Kd4 Bxf3 38. Be8 f6 39. exf6 gxf6 40. Bf7 Kd6 41. Bg8 h6 42. Nb5+ Kd7 43. Bh7 Bc6 44. Nc3 Ke7 45. Bc2 e5+ 46. Ke3 Ke6 47. g4 Kf7 48. Bf5 Bd7 49. Bxd7 Nxd7 50. Nd5 Kg6 51. Ke4 Kg5 52. Kf3 h5 53. gxh5 Kxh5 54. Ke4 Kg5 55. Ne3 Nc5+ 56. Kd5 Kf4 57. Ng2+ Kf3 58. Nh4+ Kf2 59. Kc6 e4 60. Kxb6 Nb3 61. Nf5 e3 62. Nxe3 Kxe3 63. c5 Nxc5 64. Kxc5 f5 0-1

[Event "FIDE Olympiad Disabilties 2020"]
[Site "Online"]
[Date "2020.11.21"]
[Round "5.24"]
[White "Dumont, Frederic"]
[Black "Ahmad, Aqilah Syahira"]
[Result "0-1"]
[WhiteElo "1366"]
[BlackElo "1146"]
[Annotator "NA RC"]
[PlyCount "78"]
[EventDate "2020.11.21"]
[EventType "team-tourn"]
[EventCountry "NET"]
[SourceTitle "playchess.com"]
[Source "ChessBase"]
[SourceQuality "1"]
[WhiteTeam "France"]
[BlackTeam "Malaysia"]
[WhiteTeamCountry "FRA"]
[BlackTeamCountry "MAS"]

1. e4 e5 2. Nf3 Nc6 3. Bb5 d6 4. Bxc6+ bxc6 5. c3 Nf6 6. d3 Be7 7. O-O Bg4 8. Nbd2 O-O 9. Qa4 Bd7 10. Qc2 Ne8 11. Nc4 f6 12. Be3 d5 13. exd5 cxd5 14. Ncd2 a6 15. Rab1 c5 16. Nb3 Qc7 17. c4 d4 18. Bd2 Ba4 19. Bc1 Rb8 20. Nfd2 Nd6 21. Qd1 Nf5 22. Qf3 Nh4 23. Qe4 Ng6 24. Qf5 Bd7 25. Qe4 f5 26. Qe2 Nf4 27. Qf3 Bc6 28. Qg3 Ne2+ 29. Kh1 Nxg3+ 30. fxg3 e4 31. dxe4 fxe4 32. Re1 e3 33. Nf3 Bxf3 34. gxf3 Rxf3 35. Na1 Rbf8 36. b3 Rf1+ 37. Rxf1 Rxf1+ 38. Kg2 Rf2+ 39. Kg1 Qc6 0-1

[Event "FIDE Olympiad Disabilties 2020"]
[Site "Online"]
[Date "2020.11.21"]
[Round "5.25"]
[White "Dal, Ibrahim"]
[Black "Johari, Mohd Johar"]
[Result "0-1"]
[WhiteElo "1626"]
[BlackElo "1241"]
[Annotator "NA RC"]
[PlyCount "34"]
[EventDate "2020.11.21"]
[EventType "team-tourn"]
[EventCountry "NET"]
[SourceTitle "playchess.com"]
[Source "ChessBase"]
[SourceQuality "1"]
[WhiteTeam "Turkey"]
[BlackTeam "Malaysia"]
[WhiteTeamCountry "TUR"]
[BlackTeamCountry "MAS"]

1. d4 e5 2. dxe5 Nc6 3. Nf3 Bc5 4. Bf4 d6 5. exd6 Nge7 6. dxe7 Bxf2+ 7. Kxf2 Qxd1 8. g3 Nxe7 9. Bg2 Qxc2 10. Nbd2 O-O 11. Rhc1 Qxb2 12. Be5 Qb6+ 13. Bd4 Qe6 14. Rxc7 Nc6 15. Bc5 Re8 16. e4 Ne5 17. Nxe5 Qxe5 0-1

[Event "FIDE Olympiad Disabilties 2020"]
[Site "Online"]
[Date "2020.11.21"]
[Round "5.25"]
[White "Gungor, Gokhan R"]
[Black "Cindy, Yeo Siaw Hui"]
[Result "1-0"]
[WhiteElo "1579"]
[BlackElo "563"]
[Annotator "NA RC"]
[PlyCount "53"]
[EventDate "2020.11.21"]
[EventType "team-tourn"]
[EventCountry "NET"]
[SourceTitle "playchess.com"]
[Source "ChessBase"]
[SourceQuality "1"]
[WhiteTeam "Turkey"]
[WhiteTeamCountry "TUR"]

1. e4 e5 2. Nf3 d6 3. d4 Nd7 4. Bc4 Ngf6 5. Nc3 c6 6. Ng5 d5 7. exd5 cxd5 8. Bxd5 Nxd5 9. Nxd5 Qa5+ 10. Nc3 Nf6 11. O-O Bf5 12. dxe5 Nd7 13. Qf3 Qxe5 14. Bf4 Qc5 15. Rfe1+ Be7 16. Nd5 O-O 17. Nxe7+ Kh8 18. Rad1 Rad8 19. Rd5 Qxc2 20. Nxf5 g6 21. Nd6 Nf6 22. Ndxf7+ Rxf7 23. Nxf7+ Kg7 24. Rxd8 Kxf7 25. Qxb7+ Nd7 26. Qxd7+ Kf6 27. Rf8# 1-0

[Event "FIDE Olympiad Disabilties 2020"]
[Site "Online"]
[Date "2020.11.21"]
[Round "5.25"]
[White "Ab Rahman, Muhd Ikmal Faiz"]
[Black "Aslanhan, Halis"]
[Result "1-0"]
[WhiteElo "1414"]
[BlackElo "1810"]
[Annotator "NA RC"]
[PlyCount "105"]
[EventDate "2020.11.21"]
[EventType "team-tourn"]
[EventCountry "NET"]
[SourceTitle "playchess.com"]
[Source "ChessBase"]
[SourceQuality "1"]
[WhiteTeam "Malaysia"]
[BlackTeam "Turkey"]
[WhiteTeamCountry "MAS"]
[BlackTeamCountry "TUR"]

1. e4 c5 2. Nf3 e6 3. Nc3 a6 4. a4 Qc7 5. d4 cxd4 6. Nxd4 Nf6 7. Bd3 Bc5 8. Be3 Qb6 9. Nce2 Nc6 10. Nxc6 Bxe3 11. fxe3 bxc6 12. Qd2 Qxb2 13. O-O Qe5 14. Ng3 O-O 15. Rab1 h5 16. Rf4 g5 17. Rff1 h4 18. Nh1 Nxe4 19. Qe2 Nc5 20. Rf2 Nxd3 21. cxd3 d5 22. d4 Qe4 23. Rbf1 Bd7 24. Rf6 Rab8 25. Nf2 Qh7 26. Ng4 Rb1 27. Rh6 Rxf1+ 28. Qxf1 Qf5 29. Qxf5 exf5 30. Nf6+ Kg7 31. Nxd7 Rd8 32. Rd6 f6 33. Nxf6 Rxd6 34. Ne8+ Kf7 35. Nxd6+ Ke6 36. Nb7 f4 37. exf4 gxf4 38. Nc5+ Kf5 39. Nxa6 Ke4 40. Nb4 Kxd4 41. Nxc6+ Kc5 42. Ne5 Kb4 43. Kf2 Kxa4 44. Kf3 Kb4 45. Kxf4 Kc5 46. Kg4 d4 47. Kxh4 Kd5 48. Nf3 d3 49. Kg5 Ke4 50. h4 Ke3 51. h5 Kf2 52. h6 Kxg2 53. Ne1+ 1-0

[Event "FIDE Olympiad Disabilties 2020"]
[Site "Online"]
[Date "2020.11.21"]
[Round "5.25"]
[White "Osman, Saiful Azham"]
[Black "Guleryuz, Zeynep"]
[Result "0-1"]
[WhiteElo "1242"]
[BlackElo "1199"]
[Annotator "NA RC"]
[PlyCount "82"]
[EventDate "2020.11.21"]
[EventType "team-tourn"]
[EventCountry "NET"]
[SourceTitle "playchess.com"]
[Source "ChessBase"]
[SourceQuality "1"]
[BlackTeam "Turkey"]
[BlackTeamCountry "TUR"]

1. e4 c5 2. Nf3 d6 3. c3 Nf6 4. h3 g6 5. Bc4 e6 6. d3 Bg7 7. O-O O-O 8. Be3 Nbd7 9. Qd2 b6 10. Bh6 Bb7 11. Bxg7 Kxg7 12. Ng5 d5 13. exd5 Nxd5 14. d4 Qf6 15. Nf3 Nf4 16. Be2 e5 17. dxe5 Nxe5 18. Nxe5 Qxe5 19. f3 Nxe2+ 20. Kh1 Ng3+ 21. Kg1 Nxf1 22. Kxf1 Rad8 23. Qc2 Qg3 24. Nd2 Rfe8 25. c4 Re2 26. Qc3+ Re5 27. Ne4 Bxe4 28. fxe4 Qxc3 29. bxc3 Rxe4 30. Kf2 Rxc4 31. Re1 Rd2+ 32. Ke3 Rxa2 33. Kd3 Rf4 34. Re7 Kf6 35. Rd7 Rff2 36. g4 Rfd2+ 37. Kc4 Rxd7 38. Kb5 Rd1 39. c4 Rd6 40. g5+ Kf5 41. h4 Ra5# 0-1

[Event "FIDE Olympiad Disabilties 2020"]
[Site "Online"]
[Date "2020.11.21"]
[Round "5.26"]
[White "Cabrera Sosa, Marco Vinicio"]
[Black "Sarishvili, Ioseb"]
[Result "1-0"]
[WhiteElo "1364"]
[BlackElo "1504"]
[Annotator "NA RC"]
[PlyCount "33"]
[EventDate "2020.11.21"]
[EventType "team-tourn"]
[EventCountry "NET"]
[SourceTitle "playchess.com"]
[Source "ChessBase"]
[SourceQuality "1"]
[WhiteTeam "Costa Rica"]
[BlackTeam "Georgia"]
[WhiteTeamCountry "CRI"]
[BlackTeamCountry "GEO"]

1. e4 c5 2. f4 Nc6 3. Bc4 e6 4. Nf3 d5 5. exd5 exd5 6. Bb3 Nf6 7. O-O Be7 8. c3 O-O 9. Bc2 Qc7 10. d4 cxd4 11. cxd4 Bd6 12. Ne5 Bxe5 13. fxe5 Ne4 14. Nc3 Qb6 15. Be3 Nxe5 16. Nxd5 Qc6 17. Ne7+ 1-0

[Event "FIDE Olympiad Disabilties 2020"]
[Site "Online"]
[Date "2020.11.21"]
[Round "5.26"]
[White "Talikadze, Leri"]
[Black "Telles, Rigoberto"]
[Result "1-0"]
[WhiteElo "1162"]
[BlackElo "1307"]
[Annotator "NA RC"]
[PlyCount "67"]
[EventDate "2020.11.21"]
[EventType "team-tourn"]
[EventCountry "NET"]
[SourceTitle "playchess.com"]
[Source "ChessBase"]
[SourceQuality "1"]
[WhiteTeam "Georgia"]
[BlackTeam "Costa Rica"]
[WhiteTeamCountry "GEO"]
[BlackTeamCountry "CRI"]

1. d4 e5 2. dxe5 Nc6 3. Nf3 Qe7 4. Qd5 Nb4 5. Qb3 Qc5 6. c3 Nc6 7. Bf4 d5 8. exd6 Bxd6 9. Ng5 Qf5 10. Bxd6 cxd6 11. Nf3 Nf6 12. e3 O-O 13. Be2 Na5 14. Qd1 d5 15. Nbd2 b5 16. Nf1 a6 17. Ng3 Qd7 18. O-O Bb7 19. a4 Nc4 20. Qc2 Bc6 21. axb5 axb5 22. Nd4 Bb7 23. b3 Ne5 24. Bxb5 Qc7 25. Ra4 Rfc8 26. Rc1 Nfd7 27. Bxd7 Nxd7 28. Rxa8 Rxa8 29. c4 Rc8 30. Ngf5 Kf8 31. Qc3 dxc4 32. Ne6+ fxe6 33. Qxg7+ Ke8 34. Qe7# 1-0

[Event "FIDE Olympiad Disabilties 2020"]
[Site "Online"]
[Date "2020.11.21"]
[Round "5.27"]
[White "Leyton Calderon, Jairo Oswaldo"]
[Black "Sadam, Ali Sheikh"]
[Result "1-0"]
[WhiteElo "1526"]
[BlackElo "1190"]
[Annotator "NA RC"]
[PlyCount "111"]
[EventDate "2020.11.21"]
[EventType "team-tourn"]
[EventCountry "NET"]
[SourceTitle "playchess.com"]
[Source "ChessBase"]
[SourceQuality "1"]
[WhiteTeam "Nicaragua"]
[WhiteTeamCountry "NCA"]

1. Nf3 e6 2. b3 d5 3. Bb2 Nf6 4. e3 c5 5. d4 Nc6 6. Be2 cxd4 7. Nxd4 Bb4+ 8. c3 Ba5 9. O-O Nxd4 10. cxd4 Bd7 11. Nd2 a6 12. Rc1 Rc8 13. Nf3 h6 14. Rxc8 Qxc8 15. Qb1 Bb5 16. Bxb5+ axb5 17. Rc1 Qb8 18. Qd3 O-O 19. Qxb5 b6 20. a3 Qe8 21. Qxe8 Rxe8 22. b4 Bxb4 23. axb4 Ne4 24. Kf1 b5 25. Ke2 Nd6 26. Rc5 Nc4 27. Bc3 Ra8 28. Rxb5 Ra2+ 29. Nd2 f6 30. Kd3 f5 31. f4 Kf7 32. g3 Nd6 33. Ra5 Rxa5 34. bxa5 Nb5 35. Bb4 Ke8 36. Nb3 Kd8 37. Nc5 Nc7 38. a6 Kc8 39. Ba5 Na8 40. Nxe6 g6 41. Kc3 Kb8 42. Kb4 Ka7 43. Nc5 g5 44. Kb5 g4 45. Kc6 h5 46. Kxd5 Nb6+ 47. Bxb6+ Kxb6 48. Kd6 h4 49. gxh4 Ka7 50. h5 g3 51. hxg3 Kb8 52. h6 Ka7 53. h7 Kb6 54. h8=Q Ka7 55. Qh7+ Kb8 56. Qb7# 1-0

[Event "FIDE Olympiad Disabilties 2020"]
[Site "Online"]
[Date "2020.11.21"]
[Round "5.27"]
[White "Boke, Ivini"]
[Black "Guillen, Donald"]
[Result "1-0"]
[WhiteElo "1213"]
[BlackElo "1192"]
[Annotator "NA RC"]
[PlyCount "37"]
[EventDate "2020.11.21"]
[EventType "team-tourn"]
[EventCountry "NET"]
[SourceTitle "playchess.com"]
[Source "ChessBase"]
[SourceQuality "1"]
[BlackTeam "Nicaragua"]
[BlackTeamCountry "NCA"]

1. e4 e5 2. Nf3 d6 3. Nc3 c6 4. d4 Be7 5. dxe5 h6 6. Bc4 h5 7. Qe2 a6 8. O-O h4 9. Rd1 h3 10. exd6 Qxd6 11. Rxd6 Bxd6 12. Ng5 hxg2 13. e5 Be7 14. Nxf7 Rh4 15. Nd6+ Kd8 16. Bxg8 Bg4 17. Qc4 Bh5 18. Qe6 Nd7 19. Nxb7+ 1-0

[Event "FIDE Olympiad Disabilties 2020"]
[Site "Online"]
[Date "2020.11.21"]
[Round "6.1"]
[White "Obodchuk, Andrei"]
[Black "Dukaczewski, Piotr"]
[Result "1/2-1/2"]
[WhiteElo "2299"]
[BlackElo "2163"]
[Annotator "TA"]
[PlyCount "96"]
[EventDate "2020.11.21"]
[EventType "team-tourn"]
[EventCountry "NET"]
[SourceTitle "playchess.com"]
[Source "ChessBase"]
[SourceQuality "1"]
[WhiteTeam "Russia"]
[BlackTeam "Poland"]
[WhiteTeamCountry "RUS"]
[BlackTeamCountry "POL"]

1. e4 e5 2. Nf3 Nc6 3. Bc4 Bc5 4. c3 Nf6 5. d4 exd4 6. e5 d5 7. Bb5 Ne4 8. cxd4 Bb4+ 9. Bd2 Nxd2 10. Nbxd2 O-O 11. O-O Bg4 12. Qa4 Bxd2 13. Nxd2 Ne7 14. h3 Be6 15. Bd3 b6 16. Qc2 h6 17. Rac1 c6 18. f4 f5 19. exf6 Rxf6 20. f5 Bd7 21. Rce1 Qf8 22. g4 c5 23. dxc5 Rc8 24. b4 a5 25. a3 axb4 26. axb4 Nc6 27. Qc3 bxc5 28. bxc5 Nd8 29. Rc1 Nb7 30. Qb3 Nxc5 31. Qxd5+ Kh8 32. Ne4 Nxe4 33. Qxe4 Bc6 34. Qe3 Re8 35. Qc5 Rd6 36. f6 Rxd3 37. Qxf8+ Rxf8 38. Rxc6 Rxf6 39. Rcxf6 gxf6 40. Rxf6 Kg7 41. Ra6 Rxh3 42. Kg2 Rb3 43. Rc6 Ra3 44. Rb6 Rd3 45. Ra6 Rc3 46. Rb6 Rd3 47. Ra6 Rc3 48. Rb6 Rd3 1/2-1/2

[Event "FIDE Olympiad Disabilties 2020"]
[Site "Online"]
[Date "2020.11.21"]
[Round "6.1"]
[White "Stachanczyk, Jacek"]
[Black "Babarykin, Stanislav"]
[Result "1/2-1/2"]
[WhiteElo "2122"]
[BlackElo "2387"]
[Annotator "TA"]
[PlyCount "81"]
[EventDate "2020.11.21"]
[EventType "team-tourn"]
[EventCountry "NET"]
[SourceTitle "playchess.com"]
[Source "ChessBase"]
[SourceQuality "1"]
[WhiteTeam "Poland"]
[BlackTeam "Russia"]
[WhiteTeamCountry "POL"]
[BlackTeamCountry "RUS"]

1. e4 e5 2. Nf3 Nc6 3. Bb5 a6 4. Ba4 Nf6 5. O-O b5 6. Bb3 Bc5 7. a4 Bb7 8. Qe2 O-O 9. Nc3 Nd4 10. Nxd4 exd4 11. Nd5 Re8 12. Nxf6+ Qxf6 13. d3 d5 14. axb5 axb5 15. Rxa8 Bxa8 16. f3 Bd6 17. Qd2 c5 18. exd5 Qh4 19. g3 Qh5 20. Kg2 Bxd5 21. Bxd5 Qxd5 22. Re1 Rxe1 23. Qxe1 Qc6 24. Qa5 Bc7 25. Qe1 Kf8 26. Bd2 f5 27. c3 Kf7 28. Qa1 Qe6 29. Kf2 dxc3 30. bxc3 Bb6 31. Be3 c4 32. Bxb6 Qxb6+ 33. d4 Qb7 34. Qa3 Qc6 35. Qa5 Qd7 36. Qb6 g6 37. Qc5 Kg7 38. Qe5+ Kf7 39. Qc5 Kg7 40. Qe5+ Kf7 41. Qc5 1/2-1/2

[Event "FIDE Olympiad Disabilties 2020"]
[Site "Online"]
[Date "2020.11.21"]
[Round "6.1"]
[White "Wolanski, Michal"]
[Black "Suslov, Evgeniy"]
[Result "0-1"]
[WhiteElo "2029"]
[BlackElo "2236"]
[Annotator "TA"]
[PlyCount "122"]
[EventDate "2020.11.21"]
[EventType "team-tourn"]
[EventCountry "NET"]
[SourceTitle "playchess.com"]
[Source "ChessBase"]
[SourceQuality "1"]
[WhiteTeam "Poland"]
[BlackTeam "Russia"]
[WhiteTeamCountry "POL"]
[BlackTeamCountry "RUS"]

1. c4 Nf6 2. g3 g6 3. Bg2 Bg7 4. Nf3 O-O 5. O-O d6 6. Nc3 Nc6 7. Rb1 a5 8. a3 e5 9. d3 Re8 10. Ne1 Be6 11. b4 axb4 12. axb4 d5 13. b5 Ne7 14. cxd5 Nexd5 15. Nxd5 Bxd5 16. Bxd5 Qxd5 17. Qb3 e4 18. Nc2 Ra2 19. Nd4 Qxb3 20. Rxb3 Nd5 21. e3 Bxd4 22. exd4 f5 23. dxe4 Rxe4 24. Be3 Kf7 25. Re1 Ke6 26. f3 Rxe3 27. Rexe3+ Nxe3 28. Rxe3+ Kd6 29. Re8 Rb2 30. Rh8 Rxb5 31. Rxh7 Rb2 32. Rg7 b5 33. Rxg6+ Kd5 34. h4 b4 35. h5 b3 36. Rg8 Ra2 37. Rb8 b2 38. h6 Ra1+ 39. Kg2 b1=Q 40. Rxb1 Rxb1 41. h7 Rb8 42. g4 fxg4 43. fxg4 Rh8 44. Kg3 Rxh7 45. Kf4 Kxd4 46. g5 Rg7 47. Kf5 c5 48. Kf6 Rxg5 49. Kxg5 c4 50. Kf4 c3 51. Kf3 c2 52. Ke2 c1=R 53. Kd2 Ra1 54. Ke2 Ra3 55. Kf2 Ke4 56. Kg2 Kf4 57. Kf2 Ra2+ 58. Kf1 Ke3 59. Kg1 Kf3 60. Kh1 Kg3 61. Kg1 Ra1# 0-1

[Event "FIDE Olympiad Disabilties 2020"]
[Site "Online"]
[Date "2020.11.21"]
[Round "6.1"]
[White "Gerasimova, Svetlana"]
[Black "Tryjanska, Emilia"]
[Result "0-1"]
[WhiteElo "1916"]
[BlackElo "1425"]
[Annotator "NA"]
[PlyCount "104"]
[EventDate "2020.11.21"]
[EventType "team-tourn"]
[EventCountry "NET"]
[SourceTitle "playchess.com"]
[Source "ChessBase"]
[SourceQuality "1"]
[WhiteTeam "Russia"]
[BlackTeam "Poland"]
[WhiteTeamCountry "RUS"]
[BlackTeamCountry "POL"]

1. Nf3 d5 2. g3 Nf6 3. Bg2 Bf5 4. O-O Nbd7 5. d3 e5 6. Nh4 Be6 7. e4 dxe4 8. dxe4 Bc5 9. Nf5 O-O 10. Nd2 Bb6 11. Qe2 Nc5 12. Nc4 Ncd7 13. Nxb6 Nxb6 14. Rd1 Qe8 15. b3 Rd8 16. Ba3 Bxf5 17. exf5 Nbd5 18. Bxf8 Nc3 19. Qe1 Rxd1 20. Rxd1 Nxd1 21. Qxd1 Kxf8 22. Bxb7 Qd7 23. Qxd7 Nxd7 24. Kf1 Ke7 25. Ke2 Nc5 26. Bg2 Kf6 27. g4 Kg5 28. h3 Kf4 29. Kd2 Ne4+ 30. Bxe4 Kxe4 31. Ke2 f6 32. c3 h6 33. a4 h5 34. f3+ Kf4 35. Kf2 hxg4 36. hxg4 e4 37. fxe4 Kxe4 38. Ke2 Kf4 39. b4 Kxg4 40. c4 Kxf5 41. b5 Ke5 42. Kd3 g5 43. a5 g4 44. Ke3 f5 45. c5 f4+ 46. Kf2 g3+ 47. Kf3 Kd5 48. b6 cxb6 49. cxb6 Kc6 50. bxa7 Kb7 51. a6+ Kxa7 52. Kxf4 g2 0-1

[Event "FIDE Olympiad Disabilties 2020"]
[Site "Online"]
[Date "2020.11.21"]
[Round "6.2"]
[White "Braun, Georg"]
[Black "Nestorovic, Vladimir"]
[Result "1-0"]
[WhiteElo "2375"]
[BlackElo "2203"]
[Annotator "TA"]
[PlyCount "215"]
[EventDate "2020.11.21"]
[EventType "team-tourn"]
[EventCountry "NET"]
[SourceTitle "playchess.com"]
[Source "ChessBase"]
[SourceQuality "1"]
[WhiteTeam "Germany"]
[BlackTeam "Croatia"]
[WhiteTeamCountry "GER"]
[BlackTeamCountry "CRO"]

1. d4 d5 2. c4 c6 3. cxd5 cxd5 4. Nc3 Nf6 5. Bf4 Nc6 6. e3 g6 7. h3 Bg7 8. Bd3 O-O 9. Nf3 a6 10. Rc1 Bd7 11. O-O e6 12. Bh2 Rc8 13. Ne5 Nxe5 14. Bxe5 Bc6 15. Qb3 Ne8 16. Bg3 Nd6 17. Qb4 Nf5 18. Bxf5 exf5 19. Rc2 Re8 20. Rfc1 Qd7 21. Qd6 Qxd6 22. Bxd6 Rcd8 23. Bc7 Rd7 24. Bg3 g5 25. Ne2 h6 26. Rd1 Bf6 27. Bh2 Kg7 28. b3 Kg6 29. Kh1 Rde7 30. Rdd2 Re6 31. Nc1 f4 32. exf4 Re1+ 33. Bg1 gxf4 34. Nd3 Ra1 35. Nxf4+ Kf5 36. Ne2 Bb5 37. g4+ Kg6 38. Nf4+ Kh7 39. Kg2 Bg5 40. Bh2 Re4 41. Kf3 Rh1 42. Bg3 Bf1 43. Nxd5 Re6 44. h4 Bxd2 45. Rxd2 Bb5 46. Ne3 Rc1 47. d5 Re8 48. Rd4 Rd8 49. Rb4 Rd7 50. a4 Bd3 51. Kf4 Rc5 52. Ke5 Be2 53. Rb6 Bf3 54. Kd4 Rc1 55. Bf4 Bxd5 56. Rxh6+ Kg8 57. Nxd5 Rd1+ 58. Ke4 R1xd5 59. Be5 f6 60. Rxf6 Rd1 61. f4 Re1+ 62. Kf5 Rf7 63. Rxf7 Kxf7 64. b4 b5 65. axb5 axb5 66. Bd6 Rd1 67. Bc5 Rd5+ 68. Ke4 Rd1 69. h5 Rh1 70. Kf5 Rh2 71. Kg5 Rd2 72. f5 Re2 73. Kf4 Rh2 74. Bd6 Rh1 75. Kf3 Kf6 76. Bc5 Kf7 77. Kg2 Rh4 78. Kg3 Rh1 79. Bd4 Rd1 80. Be5 Re1 81. Kf4 Rh1 82. Kg5 Re1 83. Bd6 Rd1 84. Bc5 Rh1 85. h6 Rh3 86. Bd4 Rh1 87. Bg7 Rf1 88. Kh5 Rh1+ 89. Kg5 Rf1 90. Kh4 Rh1+ 91. Kg3 Rg1+ 92. Kf3 Rf1+ 93. Kg2 Rf4 94. Kg3 Rf1 95. Bd4 Kg8 96. Kh4 Kh7 97. Be3 Rf3 98. Bg5 Rf1 99. Kh5 Rh1+ 100. Bh4 Rf1 101. f6 Rf3 102. g5 Rf5 103. Bg3 Rd5 104. Bc7 Rf5 105. Bd6 Rd5 106. Be7 Rf5 107. Bc5 Re5 108. f7 1-0

[Event "FIDE Olympiad Disabilties 2020"]
[Site "Online"]
[Date "2020.11.21"]
[Round "6.2"]
[White "Bozinovic, Bogdan"]
[Black "Becker, Michael"]
[Result "0-1"]
[WhiteElo "2151"]
[BlackElo "2267"]
[Annotator "TA"]
[PlyCount "104"]
[EventDate "2020.11.21"]
[EventType "team-tourn"]
[EventCountry "NET"]
[SourceTitle "playchess.com"]
[Source "ChessBase"]
[SourceQuality "1"]
[WhiteTeam "Croatia"]
[BlackTeam "Germany"]
[WhiteTeamCountry "CRO"]
[BlackTeamCountry "GER"]

1. d4 Nf6 2. c4 c5 3. d5 b5 4. f3 bxc4 5. e4 d6 6. Bxc4 g6 7. b3 Bg7 8. Bb2 O-O 9. Ne2 Nbd7 10. O-O Nb6 11. Nd2 Nxc4 12. Nxc4 Ba6 13. Qc2 Bxc4 14. Qxc4 Qb6 15. Kh1 Rab8 16. Qc2 Rfc8 17. Bc3 Nd7 18. Bxg7 Kxg7 19. Rab1 Qb4 20. Rfc1 a5 21. h3 Rb7 22. Qb2+ Kg8 23. a3 Qb6 24. Qc2 Qa6 25. Nc3 Rcb8 26. a4 Rb4 27. Nb5 Rc8 28. Qd1 Nb6 29. Kh2 Nd7 30. Na3 Rd4 31. Qe1 Ne5 32. Rc3 Rb8 33. Nb5 Rb4 34. f4 Nd7 35. e5 Rxf4 36. exd6 exd6 37. Qe7 Nf6 38. Qxd6 Qxd6 39. Nxd6 Nxd5 40. Rxc5 Ne3 41. Rb2 Rxa4 42. Re5 Nf1+ 43. Kg1 Ra1 44. Re8+ Rxe8 45. Nxe8 Nd2+ 46. Kh2 Ne4 47. Nc7 f5 48. Nd5 Kf7 49. Rc2 Ke6 50. Nb6 f4 51. Rc4 Kf5 52. Na4 Ng3 0-1

[Event "FIDE Olympiad Disabilties 2020"]
[Site "Online"]
[Date "2020.11.21"]
[Round "6.2"]
[White "von Erichsen, Annegret"]
[Black "Kovacevic, Krsto"]
[Result "0-1"]
[WhiteElo "1998"]
[BlackElo "2117"]
[Annotator "NA RC"]
[PlyCount "64"]
[EventDate "2020.11.21"]
[EventType "team-tourn"]
[EventCountry "NET"]
[SourceTitle "playchess.com"]
[Source "ChessBase"]
[SourceQuality "1"]
[WhiteTeam "Germany"]
[BlackTeam "Croatia"]
[WhiteTeamCountry "GER"]
[BlackTeamCountry "CRO"]

1. Nc3 d5 2. e4 d4 3. Nce2 c5 4. Ng3 Nc6 5. f4 Nf6 6. Nf3 h5 7. e5 Nd5 8. d3 h4 9. Ne4 h3 10. g3 Bg4 11. Be2 Bxf3 12. Bxf3 e6 13. O-O Be7 14. Qe2 Qc7 15. c4 dxc3 16. bxc3 O-O-O 17. a3 f5 18. exf6 gxf6 19. c4 Nd4 20. Qb2 f5 21. cxd5 fxe4 22. dxe4 exd5 23. exd5 Bf6 24. Bg4+ Kb8 25. Kh1 Qg7 26. Rb1 Rxd5 27. Be3 Nf5 28. Qb3 Nxe3 29. Qxe3 Qxg4 30. Qb3 Qd7 31. Rfe1 Qc6 32. Kg1 Rd2 0-1

[Event "FIDE Olympiad Disabilties 2020"]
[Site "Online"]
[Date "2020.11.21"]
[Round "6.2"]
[White "Vuljanic, Ana"]
[Black "Scheffner, Jarno"]
[Result "0-1"]
[WhiteElo "1581"]
[BlackElo "1969"]
[Annotator "TA"]
[PlyCount "74"]
[EventDate "2020.11.21"]
[EventType "team-tourn"]
[EventCountry "NET"]
[SourceTitle "playchess.com"]
[Source "ChessBase"]
[SourceQuality "1"]
[WhiteTeam "Croatia"]
[BlackTeam "Germany"]
[WhiteTeamCountry "CRO"]
[BlackTeamCountry "GER"]

1. d4 Nf6 2. c4 g6 3. Nc3 Bg7 4. e4 d6 5. f4 O-O 6. Nf3 c5 7. d5 e6 8. Be2 Re8 9. e5 dxe5 10. fxe5 Ng4 11. Bf4 exd5 12. Qxd5 Qxd5 13. Nxd5 Na6 14. O-O Nxe5 15. Nxe5 Bxe5 16. Bxe5 Rxe5 17. Bf3 Nb4 18. Nxb4 cxb4 19. Rad1 Be6 20. b3 Rb8 21. Rd2 a5 22. Rfd1 a4 23. Rd8+ Rxd8 24. Rxd8+ Kg7 25. Kf2 b5 26. Bd5 bxc4 27. bxc4 Bxd5 28. cxd5 Kf6 29. Rb8 Rxd5 30. Rxb4 Rd2+ 31. Kg3 Rxa2 32. h4 a3 33. Ra4 Ra1 34. Kg4 a2 35. Ra6+ Ke5 36. g3 h6 37. Ra4 f5+ 0-1